Loading...
| Mythology | 0 | 6 | 0 | 1 | 60 | 23 | 62.00 | 4 | 4 |
| Science - Biology | 0 | 6 | 1 | 0 | 55 | 23 | 63.83 | 6 | 6 |
| Religion | 0 | 5 | 0 | 1 | 50 | 37 | 80.20 | 3 | 4 |
| Science - Chemistry | 0 | 5 | 1 | 0 | 45 | 41 | 59.80 | 3 | 4 |
| Literature - World/Other Literature | 0 | 3 | 0 | 0 | 30 | 66 | 80.00 | 2 | 3 |
| Science - Other Science | 0 | 5 | 4 | 0 | 30 | 38 | 55.20 | 1 | 5 |
| Science - Physics | 0 | 3 | 1 | 0 | 25 | 45 | 58.67 | 0 | 3 |
| History - Other History | 0 | 3 | 1 | 1 | 25 | 17 | 34.00 | 3 | 3 |
| Literature - American Literature | 0 | 2 | 1 | 0 | 15 | 57 | 86.00 | 2 | 2 |
| Other Academic | 0 | 1 | 0 | 0 | 10 | 78 | 78.00 | 1 | 1 |
| History - World History | 0 | 1 | 0 | 0 | 10 | 26 | 26.00 | 1 | 1 |
| Literature - European Literature | 0 | 1 | 1 | 0 | 5 | 51 | 51.00 | 0 | 1 |
| Literature - British Literature | 0 | 1 | 1 | 0 | 5 | 32 | 32.00 | 1 | 1 |
| Pop Culture | 0 | 0 | 1 | 0 | -5 | 0.00 | 0 | 0 | |
| History - European History | 0 | 0 | 1 | 0 | -5 | 0.00 | 0 | 0 | |
| Geography/Current Events | 0 | 0 | 1 | 0 | -5 | 0.00 | 0 | 0 |